000 00961nas a2200277 4500
001 BR6007994
003 BR-BrBNA
005 20231205082046.0
007 ta
008 230509b bl.|||p| |||| 00| 00por d
040 _aBR-BrBNA
_bpor
_cBiblioteca Nacional de Agricultura
041 _a(Pt)
072 _aL30
100 1 _aHall, G.A.B.
100 1 _aBorges, F.V.
100 1 _aBrondani, L.F.
245 1 _aEfeito de diferentes niveis de suplementacao de proteina e de energia em borregas alimentadas com feno de plantas forrageiras de pasto nativo, no ganho de peso e consumo de feno [ovelha, Rio Grande do Sul]
650 _aNUTRICAO ANIMAL
650 _aOVELHA
650 _aFENO
650 _aSUPLEMENTO PROTEICO
650 _aRIO GRANDE DO SUL
773 0 _tPesquisa Agropecuaria Brasileira. Serie Zootecnia (Brazil)
_xISSN 0304-372X
_g(1976), v. 11(5) p. 41-47
_wBR6007994
909 _a202311
_bLúcia
_c55
_dLúcia Elande
942 _2AGRIS
_n0
_cANA
999 _c88882
_d88882